| 000 | 00541nam a2200193 i 4500 | ||
|---|---|---|---|
| 001 | 47476 | ||
| 003 | ES-MaACL | ||
| 005 | 20230906161554.0 | ||
| 007 | t| | ||
| 008 | 020114s2001 sp ||||0| spa j | ||
| 020 | _a84-204-4176-7 | ||
| 040 |
_aM-BN _bspa _cM-BN |
||
| 080 | _a821.134.2(82)-32"19" | ||
| 100 | 1 |
_aMujica Láinez, Manuel. _984091 |
|
| 245 | 1 | 0 |
_aCuentos completos / _cMujica Lainez ; prólogo de Jorge Cruz. |
| 260 |
_aMadrid : _bAlfaguara, _c2001. |
||
| 300 |
_a2 v ; _c24 cm. |
||
| 852 |
_aES-MaACL _jL-26280-1 _bR.132170 |
||
| 999 |
_c47476 _d47476 |
||